Der Garten von der Antike bis zum Mittelalter /

محفوظ في:

مؤلفون آخرون: Brubaker, Leslie., Carroll, Maureen.

التنسيق: كتاب

اللغة: German

منشور في: Mainz am Rhein : P. von Zabern, c1992.

سلاسل: Kulturgeschichte der antiken Welt ; 57.

الموضوعات:

الوسوم: إضافة وسم

لا توجد وسوم, كن أول من يضع وسما على هذه التسجيلة!

رقم الطلب: SB451 .G377

LEADER 00873nam a22002537a 4500
003 OSt
005 20251124120257.0
008 251124t1992 gw ab b 000 0 ger c
020 |a 3805313551 
040 |c ARCE Library 
050 1 4 |a SB451  |b .G377 
245 0 |a Der Garten von der Antike bis zum Mittelalter /   |c herausgegeben von M. Carrol-Spillecke ; unter Mitarbeit von L. Brubaker ... [et al.]. 
264 1 |a Mainz am Rhein :   |b P. von Zabern,   |c c1992. 
300 |a 293 p. :   |b ill. (some col.), maps ;   |c 26 cm. 
490 0 |a Kulturgeschichte der antiken Welt ;   |v 57. 
504 |a Includes bibliographical references. 
650 0 |a Gardens -- History. 
650 0 |a Gardens -- Religious aspects. 
650 0 |a Landscape architecture -- History. 
700 1 |a Brubaker, Leslie.  
700 1 |a Carroll, Maureen.  
901 |a reviewed 
942 |2 lcc  |c BK 
999 |c 49272  |d 49272